000
00339nam a2200121Ia 4500
003
GCL
008
140319s9999 xx 000 0 ara d
040
_a
GCL /
_c
GCL
082
0
4
_a
ط
_b
813.088
_b
س ق
245
1
0
_a
صالح
260
_a
[S.N] :
_b
دار الكتاب المصرى ،
_c
1989
490
_a
قصص الانبياء للابناء
_v
0
999
_c
58059
_d
58059